أبو كشك ومسكة' ;; abu kishk wamiskat / (Record no. 79168)
[ view plain ]
| 000 -LEADER | |
|---|---|
| fixed length control field | 01361nam a2200301 a 4500 |
| 001 - CONTROL NUMBER | |
| control field | 79168 |
| 003 - CONTROL NUMBER IDENTIFIER | |
| rucl marc code | BD-RjUL |
| 005 - DATE AND TIME OF LATEST TRANSACTION | |
| control field | 20220112145113.0 |
| 008 - FIXED-LENGTH DATA ELEMENTS--GENERAL INFORMATION | |
| fixed length control field | 160725s1990 wj 000 0 ara d |
| 035 ## - SYSTEM CONTROL NUMBER | |
| System control number | (BD-RjUL)79168 |
| 040 ## - CATALOGING SOURCE | |
| Original cataloging agency | HAI |
| Language of cataloging | eng |
| Transcribing agency | BD-RjUL |
| 041 0# - LANGUAGE CODE | |
| Language code of text/sound track or separate title | ara |
| 082 ## - DEWEY DECIMAL CLASSIFICATION NUMBER | |
| Edition number | 23 |
| Classification number | 333.325694 |
| Author mark and year | KAA 1990 |
| 100 1# - MAIN ENTRY--PERSONAL NAME | |
| Personal name | Kanaana, Sharif ;; كناعنة، شريف |
| 9 (RLIN) | 691 |
| 245 10 - TITLE STATEMENT | |
| Title | أبو كشك ومسكة' ;; abu kishk wamiskat / |
| Statement of responsibility, etc. | Sherif Kanaana, Lubna Abdel Hadi ;; شريف كناعنة، لبنى عبد الهادي |
| 260 ## - PUBLICATION, DISTRIBUTION, ETC. (IMPRINT) | |
| Place of publication, distribution, etc. | بير زيت :Bairut : |
| Name of publisher, distributor, etc. | جامعة بير زيت،jamieat bir zit, |
| Date of publication, distribution, etc. | ١٩٩٠1990 |
| 300 ## - PHYSICAL DESCRIPTION | |
| Pagination | 158 p. : |
| Illustrations | صور ؛ |
| Size | ٢٤ س. |
| 490 1# - SERIES STATEMENT | |
| Series statement | alquraa alfilastiniat almudamirat ; ; القرى الفلسطينية المدمرة |
| Volume/sequential designation | ٩ |
| 650 ## - SUBJECT ADDED ENTRY--TOPICAL TERM | |
| Topical term or geographic name as entry element | Jewish-Arab relations -- 1917-; |
| 9 (RLIN) | 692 |
| Topical term or geographic name as entry element | Land tenure -- Palestine; |
| 9 (RLIN) | 693 |
| Topical term or geographic name as entry element | Land tenure -- Israel; |
| 9 (RLIN) | 694 |
| Topical term or geographic name as entry element | Villages -- Palestine -- History; Palestine -- Genealogy; |
| 9 (RLIN) | 695 |
| 651 #4 - SUBJECT ADDED ENTRY--GEOGRAPHIC NAME | |
| Geographic name | Abu Kishk (Israel) |
| 9 (RLIN) | 696 |
| 700 1# - ADDED ENTRY--PERSONAL NAME | |
| Personal name | Abdul Hadi, Lubna ;; عبد الهادي، لبنى |
| 830 #0 - SERIES ADDED ENTRY--UNIFORM TITLE | |
| Uniform title | alquraa alfilastiniat almudamira ;; القرى الفلسطينية المدمرة |
| Uniform title | القرى الفلسطينية المدمرة ؛ ;; alquraa alfilastiniat almudamira ; |
| Volume number/sequential designation | ٩ |
| 942 ## - ADDED ENTRY ELEMENTS (KOHA) | |
| Source of classification or shelving scheme | Dewey Decimal Classification |
| Koha item type | Books |
| Lost status | Source of classification or shelving scheme | Damaged status | Not for loan | Collection code | Permanent Location | Current Location | Shelving location | Date acquired | Source of acquisition | Total Checkouts | Full call number | Date last seen | Copy number | Koha item type |
|---|---|---|---|---|---|---|---|---|---|---|---|---|---|---|
| Dewey Decimal Classification | Not For Loan | Non-fiction | Central Library, University of Rajshahi | Central Library, University of Rajshahi | Reading Room | 29/08/1996 | V.C. Office Rajshahi university | A 333.325694 KHA 1990 | 12/01/2022 | C-1 | Books |